Composición y diversidad de la flora y la fauna en cuatro localidades de la provincia del Carchi: (Registro nro. 7631)
[ vista simple ]
| 000 -CABECERA | |
|---|---|
| Campo de control | 00773nam a22002057a 4500 |
| 005 - FECHA Y HORA DE LA ULTIMA TRANSACCION | |
| Campo de control | 20160901020002.0 |
| 008 - ELEMENTOS DE LONGITUD FIJA—INFORMACION GENERAL | |
| Campo de control | 130828b2008 ec ||||| |||| 00| 0 spa d |
| 020 ## - ISBN | |
| ISBN | 9789942016973 |
| 040 ## - FUENTE DE CATALOGACIÓN | |
| Agencia catalogadora original | CO-BoIAVH |
| Agencia transcriptora | CO-BoIAVH |
| 041 ## - IDIOMA | |
| Código de idioma para texto/pista de sonido o título separado | Español |
| 044 ## - PAÍS DE PUBLICACIÓN | |
| País de publicación | Ecuador |
| 082 04 - NUMERO DE CLASIFICACION DECIMAL DEWEY | |
| Número de clasificación | 574.52 |
| Número del ítem | E19c |
| 245 00 - MENCION DE TITULO | |
| Título | Composición y diversidad de la flora y la fauna en cuatro localidades de la provincia del Carchi: |
| Parte restante del título | un reporte de las evaluaciones ecológicas rápidas |
| 260 ## - PUBLICACION, DISTRIBUCION, ETC. (PIE DE IMPRENTA) | |
| Lugar de publicación, distribución, etc. | Quito: |
| Nombre del editor, distribuidor, etc. | EcoCiencia, |
| -- | Gobierno Provincial del Carchi, |
| Fecha de publicación, distribución, etc. | 2008. |
| 300 ## - DESCRIPCION FISICA | |
| Extensión | 119 p. |
| Otros detalles físicos | tablas |
| Dimensiones | 27 cm. |
| 650 4# - ASIENTO SECUNDARIO DE MATERIA - TERMINO TEMATICO | |
| Término temático o nombre geográfico como elemento de entrada | Diversidad biológica |
| Subdivisión geográfica | Carchi (Provincia, Ecuador) |
| 650 ## - ASIENTO SECUNDARIO DE MATERIA - TERMINO TEMATICO | |
| Término temático o nombre geográfico como elemento de entrada | Fauna |
| Subdivisión geográfica | Carchi (Provincia, Ecuador) |
| 650 ## - ASIENTO SECUNDARIO DE MATERIA - TERMINO TEMATICO | |
| Término temático o nombre geográfico como elemento de entrada | Flora |
| Subdivisión geográfica | Carchi (Provincia, Ecuador) |
| 942 ## - ELEMENTOS ADICIONALES (KOHA) | |
| Sistema de clasificación | Dewey Decimal Classification |
| Tipo de ítem | Libro |
| Koha issues (borrowed), all copies | 1 |
| Withdrawn status | Lost status | Sistema de Clasificación | Damaged status | No para préstamo | Colección | Inventariado | Ubicación Permanente | Ubicación actual | Fecha de adquisición | Fuente de Valor | Valor | Total Checkouts | Número topográfico | Inventario / Código de Barras | Date last seen | Date checked out | Ejemplar | Price effective from | Forma de adquisición | Tipo de material |
|---|---|---|---|---|---|---|---|---|---|---|---|---|---|---|---|---|---|---|---|---|
| Dewey Decimal Classification | General | Inventariado 2017 | Bogotá | Bogotá | 28/08/2013 | Instituto | 39000.00 | 1 | LB-574.52 E19c | 058432 | 31/08/2016 | 31/08/2016 | Ej. 1 | 28/08/2013 | Libro | |||||
| Dewey Decimal Classification | General | Inventariado 2017 | Sala Fabio Quevedo | Sala Fabio Quevedo | 11/02/2015 | Instituto | 39000.00 | LB-574.52 E19c | 038679 | 11/02/2015 | Ej. 2 | 11/02/2015 | Libro |